000 00665nam a22001937a 4500
005 20251108171907.0
008 250721s1999 xx 000 0 ara d
082 1 4 _a306.209565/دور
100 1 _aالحمد، جواد
245 1 0 _aدور مراكز الدراسات في صناعة القرار في الدولة الأردنية الحديثة /
264 1 _aعمان :
_bمركز دراسات الشرق الأوسط،
_c1999.
300 _a123 ص
650 1 7 _aالمؤسسات السياسية
650 1 7 _aتاريخ الأردن
700 1 _aهياجنة، عدنان
700 1 _aبركات، نظام
942 _2ddc
_cBK
999 _c65360
_d65360